| 000 -LEADER |
| fixed length control field |
00803nam a2200217Ia 4500 |
| 001 - CONTROL NUMBER |
| control field |
7326 |
| 003 - CONTROL NUMBER IDENTIFIER |
| control field |
GE_BSU |
| 008 - FIXED-LENGTH DATA ELEMENTS--GENERAL INFORMATION |
| fixed length control field |
181216s||||||||xx |||||||||||||| ||und|| |
| 020 ## - INTERNATIONAL STANDARD BOOK NUMBER |
| International Standard Book Number |
9789941419287 |
| 040 ## - CATALOGING SOURCE |
| Transcribing agency |
GE_BSU |
| 080 ## - UNIVERSAL DECIMAL CLASSIFICATION NUMBER |
| Universal Decimal Classification number |
929(479.22) |
| 100 ## - MAIN ENTRY--PERSONAL NAME |
| Personal name |
გორგოშაძე, პორფილე |
| 245 ## - TITLE STATEMENT |
| Title |
რამდენიმე სურათი გურული კაცის ცხოვრებიდან. |
| 245 ## - TITLE STATEMENT |
| Statement of responsibility, etc. |
რედ.: გიორგი ბაღათურია. |
| 260 ## - PUBLICATION, DISTRIBUTION, ETC. |
| Place of publication, distribution, etc. |
თბილისი. |
| 260 ## - PUBLICATION, DISTRIBUTION, ETC. |
| Name of publisher, distributor, etc. |
ცის ნამი. |
| 260 ## - PUBLICATION, DISTRIBUTION, ETC. |
| Date of publication, distribution, etc. |
2013. |
| 300 ## - PHYSICAL DESCRIPTION |
| Extent |
207 გვ.; ილ.; 20 სმ. |
| 653 ## - INDEX TERM--UNCONTROLLED |
| Uncontrolled term |
რამდენიმე სურათი გურული კაცის ცხოვრებიდან. |
| 942 ## - ADDED ENTRY ELEMENTS (KOHA) |
| Koha item type |
წიგნი |